| 000 | 00781nam a2200229Ia 4500 | ||
|---|---|---|---|
| 001 | 15215 | ||
| 003 | GE_BSU | ||
| 008 | 181216s||||||||xx |||||||||||||| ||und|| | ||
| 040 | _cGE_BSU | ||
| 080 | _a821.353.1-32 | ||
| 100 | _aშერვაშიძე, ამირან | ||
| 245 | _aყიზლარიდან ბოროდინომდე | ||
| 245 | _bმოთხრობები | ||
| 245 | _cრედ.შ.როყვა. მხატვ. ლ.სეიდიშვილი | ||
| 260 | _aბათუმი | ||
| 260 | _bსაბჭოთა აჭარა | ||
| 260 | _c1969 | ||
| 300 | _a327გვ.21სმ. | ||
| 653 | _aმოთხრობები | ||
| 653 | _aყიზლარიდან ბოროდინომდე | ||
| 942 | _cBK | ||
| 999 |
_c48327 _d48327 |
||